[Event "Hamburger SK-Hagener SV"]
[Site "Greifswald"]
[Date "2013.09.12"]
[Round "1.1"]
[White "Worpenberg, Lukas"]
[Black "Kramer, Julian"]
[Result "0-1"]
[WhiteElo "1802"]
[BlackElo "2137"]
[PlyCount "90"]
[EventDate "2013.??.??"]
[WhiteTeam "Hagener SV"]
[BlackTeam "Hamburger SK"]

1. e4 c5 2. Nf3 d6 3. d4 cxd4 4. Nxd4 Nf6 5. Nc3 a6 6. Be2 e5 7. Nb3 Be7 8. O-O
O-O 9. Be3 Be6 10. f4 b5 11. Bf3 Nbd7 12. Nd2 exf4 13. Bxf4 Ne5 14. Nd5 Rc8 15.
Nxe7+ Qxe7 16. Be2 Nfg4 17. Nf3 Nxf3+ 18. gxf3 Qa7+ 19. Kg2 Ne3+ 20. Bxe3 Qxe3
21. Bd3 Qf4 22. Qe1 Rc5 23. Kh1 Rh5 24. Qf2 Rh3 25. Qg2 Rc8 26. Rf2 Rc5 27. Rg1
g6 28. Qf1 Rch5 29. Qe2 d5 30. exd5 Bxd5 31. Be4 Rxf3 32. Bxf3 Rxh2+ 33. Rxh2
Bxf3+ 34. Qxf3 Qxf3+ 35. Rgg2 h5 36. Kg1 Qd1+ 37. Kf2 Qxc2+ 38. Kg3 Qd3+ 39.
Kf4 f6 40. Rxh5 g5+ 41. Rgxg5+ fxg5+ 42. Rxg5+ Kf7 43. Rf5+ Ke6 44. Re5+ Kd6
45. Re3 Qd4+ 0-1

[Event "Hamburger SK-Hagener SV"]
[Site "Greifswald"]
[Date "2013.09.12"]
[Round "1.2"]
[White "Hinrichs, Lars"]
[Black "Pappert, Florian"]
[Result "1-0"]
[WhiteElo "2068"]
[BlackElo "1676"]
[PlyCount "77"]
[EventDate "2013.??.??"]
[WhiteTeam "Hamburger SK"]
[BlackTeam "Hagener SV"]

1. e4 e5 2. Nf3 Nf6 3. Nxe5 d6 4. Nf3 Nxe4 5. Nc3 Nxc3 6. dxc3 Be7 7. Be3 Bg4
8. h3 Bh5 9. Qd5 Bxf3 10. Qxf3 c6 11. O-O-O Qa5 12. Kb1 Nd7 13. Qg3 O-O 14. Bh6
Qe5 15. Bf4 Qh5 16. Be2 Qg6 17. Qxg6 fxg6 18. Bxd6 Bxd6 19. Rxd6 Nb6 20. Bf3
Rf6 21. Rhd1 Re8 22. b3 Ref8 23. a4 Nd5 24. Bxd5+ cxd5 25. Rxf6 Rxf6 26. f3 Rf5
27. Rd4 Rg5 28. g4 Re5 29. Kb2 Kf7 30. f4 Re4 31. Rxe4 dxe4 32. Kc1 g5 33. f5
g6 34. fxg6+ hxg6 35. Kd2 Ke6 36. Ke3 Kd5 37. c4+ Ke5 38. a5 a6 39. b4 1-0

[Event "Hamburger SK-Hagener SV"]
[Site "Greifswald"]
[Date "2013.09.12"]
[Round "1.3"]
[White "Balasz, Kata"]
[Black "Rogozenco, Teodora"]
[Result "0-1"]
[WhiteElo "1668"]
[BlackElo "1921"]
[PlyCount "72"]
[EventDate "2013.??.??"]
[WhiteTeam "Hagener SV"]
[BlackTeam "Hamburger SK"]

1. d4 d6 2. Nc3 Nf6 3. Bf4 Nbd7 4. Qd2 e5 5. dxe5 dxe5 6. Bg5 Be7 7. f3 c6 8.
e3 Qb6 9. Na4 Qc7 10. Nc3 b5 11. a3 O-O 12. Bxf6 Nxf6 13. Bd3 Rd8 14. Qf2 Bc5
15. Nge2 Qb6 16. Nd1 Nd5 17. Qh4 h6 18. Qe4 Nf6 19. Qxe5 Re8 20. Qg3 Rxe3 21.
Nxe3 Bxe3 22. Rf1 Ba6 23. f4 Re8 24. Rf3 Nd5 25. f5 Kh8 26. Kd1 b4 27. Qd6 Bxd3
28. cxd3 Qb5 29. Nc1 Bg5 30. Qd7 Ne3+ 31. Kd2 Nc4+ 32. Kc2 b3+ 33. Nxb3 Re2+
34. Kc3 Bf6+ 35. d4 Nxb2 36. a4 Qc4# 0-1

[Event "Hamburger SK-Hagener SV"]
[Site "Greifswald"]
[Date "2013.09.12"]
[Round "1.4"]
[White "Elbracht, Michael"]
[Black "Bick, Lennard"]
[Result "1-0"]
[WhiteElo "1772"]
[BlackElo "1537"]
[PlyCount "77"]
[EventDate "2013.??.??"]
[WhiteTeam "Hamburger SK"]
[BlackTeam "Hagener SV"]

1. e4 e6 2. f4 d5 3. e5 c5 4. Nf3 Bd7 5. c3 Nc6 6. Na3 Nge7 7. Nc2 Qb6 8. g3
Nf5 9. d3 d4 10. c4 Nb4 11. Nxb4 Qxb4+ 12. Qd2 Qb6 13. Qc2 Bc6 14. Bg2 Qb4+ 15.
Kf2 Qa5 16. Ng5 Bxg2 17. Kxg2 Be7 18. Ne4 O-O 19. g4 Nh4+ 20. Kg3 Qd8 21. Qe2
b6 22. Ng5 Bxg5 23. fxg5 Ng6 24. Qe4 Qc7 25. Bf4 Nxf4 26. Qxf4 Rab8 27. h4 b5
28. b3 bxc4 29. bxc4 Qa5 30. h5 Qc3 31. Rad1 Rb2 32. h6 Qc2 33. hxg7 Qg2+ 34.
Kh4 Rfb8 35. Rdf1 R8b7 36. Qf6 Rd7 37. g6 hxg6 38. Kg5 Qd2+ 39. Rf4 1-0

[Event "Schachunion Berlin-SK Wildeshausen"]
[Site "Greifswald"]
[Date "2013.09.12"]
[Round "1.1"]
[White "Grigorian, Spartak"]
[Black "Geldner, Gerrit"]
[Result "1-0"]
[WhiteElo "2155"]
[BlackElo "1788"]
[PlyCount "69"]
[EventDate "2013.??.??"]
[WhiteTeam "SK Wildeshausen"]
[BlackTeam "Schachunion Berlin"]

1. d4 d5 2. c4 e6 3. Nc3 Nf6 4. Bg5 Be7 5. e3 O-O 6. Nf3 Nbd7 7. Qc2 c6 8. Rd1
dxc4 9. Bxc4 Nb6 10. Bd3 h6 11. Bxf6 Bxf6 12. h4 Nd5 13. g4 Nb4 14. Qe2 Nxd3+
15. Qxd3 Be7 16. g5 h5 17. Ne5 Qe8 18. Rg1 g6 19. Ne4 Kg7 20. Qc3 Kh7 21. Qd3
Kg7 22. a3 b5 23. Qc3 Kh7 24. Nxc6 Bb7 25. d5 exd5 26. Nxe7 dxe4 27. Qc7 Ba6
28. Nd5 Qc8 29. Nf6+ Kg7 30. Qe5 Rd8 31. Nd5+ Kh7 32. Nf6+ Kg7 33. Nxe4+ Kg8
34. Nf6+ Kf8 35. Nd5 1-0

[Event "Schachunion Berlin-SK Wildeshausen"]
[Site "Greifswald"]
[Date "2013.09.12"]
[Round "1.2"]
[White "Torzinski, Nils"]
[Black "Finke, Maurice"]
[Result "1/2-1/2"]
[WhiteElo "1803"]
[BlackElo "1912"]
[PlyCount "61"]
[EventDate "2013.??.??"]
[WhiteTeam "Schachunion Berlin"]
[BlackTeam "SK Wildeshausen"]

1. e4 c5 2. Nc3 Nc6 3. f4 g6 4. Nf3 Bg7 5. Bc4 e6 6. O-O Nge7 7. d3 O-O 8. Qe1
d5 9. Bb3 Na5 10. Qh4 Nec6 11. Qxd8 Rxd8 12. exd5 Nxb3 13. axb3 exd5 14. Bd2
Bg4 15. Rac1 Nb4 16. Ne5 Be6 17. Ne2 Na6 18. d4 Nc7 19. Ng3 Nb5 20. c3 Nd6 21.
Ra1 a6 22. h3 Ra7 23. Ra2 Re8 24. Re1 Bf5 25. Nxf5 Nxf5 26. Kf2 Nd6 27. Be3
Ne4+ 28. Kg1 Re6 29. Ra5 b5 30. Rea1 Rb6 31. Kh2 1/2-1/2

[Event "Schachunion Berlin-SK Wildeshausen"]
[Site "Greifswald"]
[Date "2013.09.12"]
[Round "1.3"]
[White "Ngo, Minh Duc"]
[Black "Lischeid, Kilian"]
[Result "0-1"]
[WhiteElo "1924"]
[BlackElo "1642"]
[PlyCount "110"]
[EventDate "2013.??.??"]
[WhiteTeam "SK Wildeshausen"]
[BlackTeam "Schachunion Berlin"]

1. e4 c5 2. Nf3 Nc6 3. d4 cxd4 4. Nxd4 d6 5. Nc3 g6 6. Be3 Bg7 7. Bc4 Nf6 8. f3
Qb6 9. Nf5 Qxb2 10. Nxg7+ Kf8 11. Bd2 Kxg7 12. Bb3 Qa3 13. Bc1 Qc5 14. Qd2 Rd8
15. Qh6+ Kg8 16. Bb2 Be6 17. O-O-O Bxb3 18. axb3 Nb4 19. Kb1 a5 20. Rd4 e5 21.
Rc4 Qf2 22. Rc1 Rac8 23. Rxc8 Rxc8 24. Qh3 Rc5 25. Nd1 Qd2 26. Bc3 Rxc3 27.
Nxc3 Qxc3 28. Qh4 a4 29. Qe1 Qxe1 30. Rxe1 axb3 31. cxb3 Kf8 32. Rc1 Nc6 33.
Kb2 Ke7 34. Kc3 Nd7 35. Kc4 Nd4 36. b4 Nb6+ 37. Kd3 Kd7 38. Ra1 f5 39. Ra7 Kc7
40. Ra1 Nc6 41. Rb1 fxe4+ 42. fxe4 d5 43. b5 Nd4 44. exd5 Nxd5 45. Rf1 Nf4+ 46.
Ke4 Kd6 47. g3 Nfe6 48. h4 Nf5 49. Rd1+ Ned4 50. Rd3 Ke6 51. Ra3 Nxb5 52. Ra5
Nbd6+ 53. Kf3 e4+ 54. Kf2 b5 55. Ra1 e3+ 0-1

[Event "Schachunion Berlin-SK Wildeshausen"]
[Site "Greifswald"]
[Date "2013.09.12"]
[Round "1.4"]
[White "Nguyen, Phoung Thuy Anh"]
[Black "Schumann, Steffen"]
[Result "1/2-1/2"]
[WhiteElo "1436"]
[BlackElo "1793"]
[PlyCount "81"]
[EventDate "2013.??.??"]
[WhiteTeam "Schachunion Berlin"]
[BlackTeam "SK Wildeshausen"]

1. e4 c5 2. Nf3 d6 3. d4 cxd4 4. Nxd4 Nf6 5. Nc3 g6 6. Be3 Bg7 7. Bc4 O-O 8.
O-O Ng4 9. Qd2 Nxe3 10. Qxe3 Nc6 11. Nf3 Bg4 12. Bb3 Rc8 13. Ng5 Bd7 14. Kh1
Qa5 15. f4 h6 16. Nf3 Bg4 17. Rac1 Bxf3 18. Qxf3 Nd4 19. Qe3 Nxb3 20. cxb3 e6
21. a3 a6 22. Rfd1 Bxc3 23. Rxc3 Rxc3 24. Qxc3 Qxc3 25. bxc3 Rc8 26. c4 b5 27.
Rc1 bxc4 28. Rxc4 Rxc4 29. bxc4 Kf8 30. Kg1 Ke7 31. Kf2 Kd7 32. Ke3 e5 33. fxe5
dxe5 34. a4 Kc6 35. Kd3 Kc5 36. Kc3 a5 37. g4 g5 38. h3 f6 39. Kd3 Kb4 40. c5
Kxc5 41. Kc3 1/2-1/2

[Event "USV Potsdam-USC Magdeburg"]
[Site "Greifswald"]
[Date "2013.09.12"]
[Round "1.1"]
[White "Nguyen Manh, Hoang"]
[Black "Eichstädt, Mirko"]
[Result "1/2-1/2"]
[WhiteElo "1760"]
[BlackElo "1954"]
[PlyCount "82"]
[EventDate "2013.??.??"]
[WhiteTeam "USC Magdeburg"]
[BlackTeam "USV Potsdam"]

1. e4 e5 2. Nf3 Nc6 3. Bc4 Be7 4. c3 Nf6 5. d3 O-O 6. Nbd2 d6 7. Bb3 b5 8. h3
Na5 9. Bc2 Bb7 10. Nf1 Re8 11. Ng3 d5 12. Qe2 c5 13. O-O Bf8 14. Re1 g6 15. Bd2
Qc7 16. Rad1 a6 17. h4 Rad8 18. h5 c4 19. hxg6 hxg6 20. Bg5 Rd6 21. d4 Nxe4 22.
Nxe4 dxe4 23. Nh2 exd4 24. Bf4 d3 25. Bxd3 cxd3 26. Rxd3 Nc4 27. Bxd6 Bxd6 28.
Ng4 Qe7 29. Rdd1 Kg7 30. b3 Ne5 31. Ne3 Qh4 32. Rxd6 Rh8 33. f3 Qh2+ 34. Kf2
exf3 35. Nf5+ gxf5 36. Qxe5+ Qxe5 37. Rxe5 fxg2 38. Re1 Rh3 39. Rc1 Rf3+ 40.
Kg1 Rh3 41. Kf2 Rf3+ 1/2-1/2

[Event "USV Potsdam-USC Magdeburg"]
[Site "Greifswald"]
[Date "2013.09.12"]
[Round "1.2"]
[White "Cech, Tim"]
[Black "Geue, Niklas"]
[Result "1/2-1/2"]
[WhiteElo "1803"]
[BlackElo "1699"]
[PlyCount "114"]
[EventDate "2013.??.??"]
[WhiteTeam "USV Potsdam"]
[BlackTeam "USC Magdeburg"]

1. d4 Nf6 2. Nf3 e6 3. Nbd2 d5 4. e3 c5 5. b3 Nc6 6. Bb2 cxd4 7. exd4 Bd6 8.
Bd3 Bd7 9. O-O Nb4 10. Be2 Rc8 11. c4 dxc4 12. bxc4 O-O 13. Qb3 b6 14. Rac1 Qe7
15. Ng5 h6 16. Nge4 Nxe4 17. Nxe4 Bf4 18. Rcd1 Bc6 19. Ng3 Bxg3 20. hxg3 Rfd8
21. a3 Na6 22. c5 Qb7 23. cxb6 axb6 24. f3 Nb8 25. Ba1 Bd5 26. Qb2 Bc4 27. Bxc4
Rxc4 28. d5 f6 29. dxe6 Rxd1 30. Rxd1 b5 31. Qd2 Nc6 32. Qd7 Qxd7 33. exd7 Kf7
34. Bxf6 Kxf6 35. d8=Q+ Nxd8 36. Rxd8 Rc3 37. Rb8 Rxa3 38. Rxb5 Kg6 39. g4 Kf6
40. Kf2 Ra4 41. Rf5+ Kg6 42. Kg3 Ra2 43. Rb5 Rc2 44. Rb6+ Kf7 45. Kh3 Rf2 46.
Ra6 Rf1 47. Kg3 Rb1 48. f4 Rb2 49. Rd6 Ra2 50. Kf3 Ra3+ 51. Ke4 Rg3 52. Kf5
Rxg2 53. Rd7+ Kf8 54. g5 hxg5 55. fxg5 Ra2 56. Rb7 Ra6 57. Rb8+ Kf7 1/2-1/2

[Event "USV Potsdam-USC Magdeburg"]
[Site "Greifswald"]
[Date "2013.09.12"]
[Round "1.3"]
[White "Fahsel, Nico"]
[Black "Werthmann, Nils"]
[Result "0-1"]
[WhiteElo "1580"]
[BlackElo "1833"]
[PlyCount "82"]
[EventDate "2013.??.??"]
[WhiteTeam "USC Magdeburg"]
[BlackTeam "USV Potsdam"]

1. e4 d5 2. exd5 Qxd5 3. Nc3 Qd6 4. d3 Nf6 5. Nf3 Bg4 6. h3 Bh5 7. g4 Bg6 8.
Bg2 c6 9. Bg5 Nbd7 10. Qd2 e6 11. O-O Qc7 12. Nd4 O-O-O 13. Nce2 h5 14. Bxf6
gxf6 15. g5 fxg5 16. Qxg5 Bh6 17. Qh4 e5 18. Nb3 f6 19. f4 Qb6+ 20. Kh1 Qe3 21.
Rae1 Qb6 22. Qf2 Rhf8 23. Qxb6 Nxb6 24. fxe5 fxe5 25. Nc5 Rde8 26. Ne4 Kc7 27.
h4 Nd5 28. a3 Ne3 29. Rxf8 Rxf8 30. c3 Nxg2 31. Kxg2 Bxe4+ 32. dxe4 Rg8+ 33.
Kf3 Rg4 34. Rh1 Kd7 35. Ng3 Rf4+ 36. Ke2 Rg4 37. Kf3 Ke6 38. Nxh5 Rg8 39. Ng3
Rd8 40. Rh2 Bf4 41. Kg4 Rg8+ 0-1

[Event "USV Potsdam-USC Magdeburg"]
[Site "Greifswald"]
[Date "2013.09.12"]
[Round "1.4"]
[White "Ender, Paul Marius"]
[Black "Wiese, Tobias"]
[Result "1/2-1/2"]
[WhiteElo "1519"]
[BlackElo "1314"]
[PlyCount "96"]
[EventDate "2013.??.??"]
[WhiteTeam "USV Potsdam"]
[BlackTeam "USC Magdeburg"]

1. e4 e6 2. d4 d5 3. exd5 exd5 4. Bd3 Nf6 5. h3 Nc6 6. c3 Be7 7. Bf4 O-O 8. Nf3
Re8 9. O-O Bd6 10. Bxd6 Qxd6 11. Nbd2 Ne4 12. Re1 Bf5 13. Nh4 Nxf2 14. Nxf5
Nxd1 15. Nxd6 Rxe1+ 16. Kh2 cxd6 17. Nf3 Re3 18. Rxd1 Na5 19. Kg1 Nc4 20. Bxc4
dxc4 21. Kf2 Rae8 22. Re1 Rxe1 23. Nxe1 b5 24. Nc2 Re4 25. Ne3 g6 26. Nd5 Kg7
27. Nc7 b4 28. Nb5 bxc3 29. bxc3 Re6 30. Nxa7 d5 31. Nb5 Rb6 32. a4 Ra6 33. Nc7
Rxa4 34. Nxd5 Ra6 35. Ne3 Ra3 36. Nd5 Ra2+ 37. Kf3 Rd2 38. Nb4 h5 39. h4 f6 40.
g3 g5 41. hxg5 fxg5 42. Ke3 Rd1 43. Ke4 Kf6 44. Nd5+ Ke6 45. Ne3 Re1 46. Kf3
Rxe3+ 47. Kxe3 Kd5 48. Kf3 Kd6 1/2-1/2

[Event "SV Bad Schwartau-SK Doppelbauer Kiel"]
[Site "Greifswald"]
[Date "2013.09.12"]
[Round "1.1"]
[White "Beeck, Mats"]
[Black "Reinhardt, Johannes"]
[Result "1-0"]
[WhiteElo "1839"]
[BlackElo "1792"]
[PlyCount "83"]
[EventDate "2013.??.??"]
[WhiteTeam "SK Doppelbauer Kiel"]
[BlackTeam "SV Bad Schwartau"]

1. d4 Nf6 2. c4 c5 3. d5 e6 4. Nc3 exd5 5. cxd5 d6 6. e4 g6 7. h3 Bg7 8. Nf3 a6
9. a4 O-O 10. Bd3 Re8 11. O-O Nbd7 12. Nd2 Rb8 13. a5 Nh5 14. Ne2 Ne5 15. Bc2
b5 16. axb6 Qxb6 17. g4 Nf6 18. f4 Ned7 19. Nc4 Qc7 20. Ng3 Nb6 21. Nxb6 Qxb6
22. Ra3 Qc7 23. Qf3 Nd7 24. b3 Qb6 25. Be3 Bb7 26. Kh2 Ba8 27. Bd3 Bb7 28. Bc4
Re7 29. Ra2 Rbe8 30. Re2 Qc7 31. h4 Bc8 32. g5 Bb7 33. h5 Bc8 34. Kh1 Bh8 35.
Rh2 Bb7 36. Qg4 Bc8 37. Qh4 Nf8 38. f5 Be5 39. Bf4 Bd4 40. Bd3 Qd7 41. f6 Re5
42. hxg6 1-0

[Event "SV Bad Schwartau-SK Doppelbauer Kiel"]
[Site "Greifswald"]
[Date "2013.09.12"]
[Round "1.2"]
[White "Rost, Henning"]
[Black "Pluska, Alexander"]
[Result "0-1"]
[WhiteElo "1622"]
[BlackElo "1867"]
[PlyCount "148"]
[EventDate "2013.??.??"]
[WhiteTeam "SV Bad Schwartau"]
[BlackTeam "SK Doppelbauer Kiel"]

1. e4 c5 2. c3 d5 3. Qa4+ Bd7 4. Bb5 dxe4 5. Bxd7+ Qxd7 6. Qxe4 Nc6 7. Nf3 Rd8
8. O-O Nf6 9. Qc4 e6 10. Rd1 Qd3 11. Qxd3 Rxd3 12. Ne1 Rd7 13. Nc2 e5 14. d3
Be7 15. Be3 O-O 16. Kf1 Rfd8 17. Ke2 Nd5 18. Nba3 f5 19. f3 b5 20. c4 Nxe3 21.
Nxe3 Nd4+ 22. Kf2 b4 23. Nb5 Nxb5 24. cxb5 f4 25. Nc4 Bf6 26. Ke2 Rb7 27. a4
bxa3 28. Rxa3 Rbd7 29. Ra6 Kf7 30. Rc6 Rd5 31. Rc7+ R8d7 32. Rxd7+ Rxd7 33. Ra1
Kg6 34. Ra6 Rb7 35. b6 axb6 36. Rxb6 Rxb6 37. Nxb6 Kf5 38. Nd7 Be7 39. Kd2 g5
40. Kc3 Ke6 41. Nb6 Bd8 42. Nc4 Kd5 43. b3 Bc7 44. Kd2 Kd4 45. Kc2 h5 46. Kd2
g4 47. Kc2 Bd8 48. Kd2 Be7 49. Kc2 Bh4 50. Kd2 Bf2 51. Kc2 Be1 52. Kd1 Bc3 53.
Kc2 Bb4 54. Kd1 gxf3 55. gxf3 Kxd3 56. Nxe5+ Ke3 57. Kc2 Kf2 58. Kd3 Kg2 59. h4
Kg3 60. Ke4 Bd2 61. Ng6 Be3 62. Ne7 Kxh4 63. Nf5+ Kg5 64. Nxe3 fxe3 65. Kxe3
Kf5 66. f4 h4 67. Kf3 h3 68. Kg3 h2 69. Kxh2 Kxf4 70. Kg2 Ke3 71. Kf1 Kd3 72.
Ke1 Kc3 73. Kd1 Kxb3 74. Kc1 Kc3 0-1

[Event "SV Bad Schwartau-SK Doppelbauer Kiel"]
[Site "Greifswald"]
[Date "2013.09.12"]
[Round "1.3"]
[White "Wanner, Lukas"]
[Black "Saß, Patrick"]
[Result "1-0"]
[WhiteElo "1817"]
[BlackElo "1598"]
[PlyCount "79"]
[EventDate "2013.??.??"]
[WhiteTeam "SK Doppelbauer Kiel"]
[BlackTeam "SV Bad Schwartau"]

1. d4 Nf6 2. Nf3 e6 3. e3 b6 4. Bd3 Bb7 5. O-O Be7 6. b3 O-O 7. Bb2 d6 8. c4 c5
9. Nbd2 Nc6 10. a3 Qc7 11. Qc2 h6 12. Rac1 Rfd8 13. Rfe1 Rd7 14. Qc3 Rad8 15.
d5 exd5 16. cxd5 Ne5 17. Bf5 Nxd5 18. Qc2 Ba6 19. Nxe5 dxe5 20. Bxd7 Rxd7 21.
g3 Bf6 22. Rcd1 Qc6 23. Nc4 Bb7 24. e4 Ne7 25. Rxd7 Qxd7 26. Bxe5 Bxe5 27. Nxe5
Qe6 28. f4 Nc6 29. Nf3 Qg4 30. Qd3 Qh3 31. f5 Qg4 32. Kg2 g6 33. h3 Qxf3+ 34.
Qxf3 Nd4 35. Qf2 gxf5 36. Rf1 f6 37. Kg1 fxe4 38. Qxf6 Nf3+ 39. Rxf3 exf3 40.
Qd8+ 1-0

[Event "SV Bad Schwartau-SK Doppelbauer Kiel"]
[Site "Greifswald"]
[Date "2013.09.12"]
[Round "1.4"]
[White "Kagel, Jan-Malte"]
[Black "Petersen, Finn Christopher"]
[Result "0-1"]
[WhiteElo "1175"]
[BlackElo "1573"]
[PlyCount "72"]
[EventDate "2013.??.??"]
[WhiteTeam "SV Bad Schwartau"]
[BlackTeam "SK Doppelbauer Kiel"]

1. e4 e5 2. Nf3 Nc6 3. Bc4 Nf6 4. Nc3 Bc5 5. d3 h6 6. Be3 Bb6 7. Nd5 d6 8. Nxb6
axb6 9. c3 O-O 10. h3 Ne7 11. Qe2 Ng6 12. O-O Qe7 13. Bd2 Bd7 14. Rfe1 Nh5 15.
Kh2 Nhf4 16. Bxf4 Nxf4 17. Qe3 Qf6 18. Rg1 Ng6 19. g4 Qf4+ 20. Qxf4 Nxf4 21.
Rae1 b5 22. Bb3 Nxd3 23. Re3 Nxb2 24. Rb1 Na4 25. Bxa4 Rxa4 26. Re2 Bc6 27.
Rbe1 Rfa8 28. Nh4 g6 29. Kg3 Rxa2 30. f4 exf4+ 31. Kxf4 Rxe2 32. Rxe2 g5+ 33.
Kg3 gxh4+ 34. Kxh4 Re8 35. Kh5 Rxe4 36. Rxe4 Bxe4 0-1

[Event "Königsspr. Hamburg-SF Bremer Osten"]
[Site "Greifswald"]
[Date "2013.09.12"]
[Round "1.1"]
[White "Marach, Jonas"]
[Black "Spät, Alexander"]
[Result "0-1"]
[WhiteElo "1641"]
[BlackElo "2019"]
[PlyCount "36"]
[EventDate "2013.??.??"]
[WhiteTeam "SF Bremer Osten"]
[BlackTeam "Königsspr. Hamburg"]

1. c4 e5 2. Nc3 Nf6 3. g3 c6 4. Bg2 d5 5. cxd5 cxd5 6. d4 exd4 7. Qxd4 Nc6 8.
Qa4 d4 9. Nb5 Bb4+ 10. Bd2 Bxd2+ 11. Kxd2 O-O 12. Rc1 Re8 13. Rxc6 bxc6 14.
Bxc6 Bd7 15. Bxa8 Qxa8 16. Nf3 a6 17. Nc7 Rxe2+ 18. Kc1 Qxf3 0-1

[Event "Königsspr. Hamburg-SF Bremer Osten"]
[Site "Greifswald"]
[Date "2013.09.12"]
[Round "1.2"]
[White "Pfreundt, Jakob"]
[Black "Cegielka, Michael"]
[Result "1-0"]
[WhiteElo "1903"]
[BlackElo "1647"]
[PlyCount "63"]
[EventDate "2013.??.??"]
[WhiteTeam "Königsspr. Hamburg"]
[BlackTeam "SF Bremer Osten"]

1. d4 Nf6 2. c4 e6 3. Nc3 d5 4. cxd5 exd5 5. Bg5 Be7 6. e3 O-O 7. Bd3 Be6 8.
Nge2 Nbd7 9. O-O Nb6 10. Rc1 Nfd7 11. Bf4 c6 12. Bb1 Nc4 13. b3 Nd6 14. Ng3 g6
15. f3 Rc8 16. e4 dxe4 17. fxe4 Re8 18. d5 cxd5 19. exd5 Bf5 20. Nxf5 Nxf5 21.
Bxf5 gxf5 22. Qd3 Bc5+ 23. Kh1 Qf6 24. d6 Ne5 25. Bxe5 Rxe5 26. d7 Rd8 27. Nd5
Qd6 28. Rxc5 Kf8 29. Rc8 Rxd5 30. Rxd8+ Ke7 31. Re8+ Kxd7 32. Qe2 1-0

[Event "Königsspr. Hamburg-SF Bremer Osten"]
[Site "Greifswald"]
[Date "2013.09.12"]
[Round "1.3"]
[White "Genath, Daniel"]
[Black "Lemke, Berfin"]
[Result "1/2-1/2"]
[WhiteElo "1459"]
[BlackElo "1695"]
[PlyCount "72"]
[EventDate "2013.??.??"]
[WhiteTeam "SF Bremer Osten"]
[BlackTeam "Königsspr. Hamburg"]

1. e4 c5 2. Nf3 d6 3. d4 cxd4 4. Nxd4 Nf6 5. Nc3 a6 6. f3 e6 7. Be3 b5 8. a3
Nbd7 9. Be2 Bb7 10. Qd2 Qc7 11. O-O d5 12. exd5 Nxd5 13. Nxd5 Bxd5 14. Rfe1 Bc5
15. Qc3 O-O 16. Red1 Nf6 17. Kh1 Rac8 18. b4 Qxh2+ 19. Kxh2 Bd6+ 20. g3 Rxc3
21. Bd3 Nh5 22. Ne2 Rc7 23. Kg2 Be5 24. Bd4 Bxd4 25. Nxd4 Nf6 26. a4 Bc4 27.
axb5 axb5 28. Ra5 Rb8 29. Rd2 Nd5 30. Nxb5 Bxb5 31. Rxb5 Rxb5 32. Bxb5 g6 33.
c4 Nxb4 34. Rb2 Nd3 35. Rb3 Nc5 36. Ra3 Kf8 1/2-1/2

[Event "Königsspr. Hamburg-SF Bremer Osten"]
[Site "Greifswald"]
[Date "2013.09.12"]
[Round "1.4"]
[White "Samm, Bastian"]
[Black "Oleskow, Jan Christian"]
[Result "0-1"]
[WhiteElo "1417"]
[BlackElo "1385"]
[PlyCount "32"]
[EventDate "2013.??.??"]
[WhiteTeam "Königsspr. Hamburg"]
[BlackTeam "SF Bremer Osten"]

1. e4 e5 2. Nc3 Nf6 3. Bc4 Bc5 4. f4 d6 5. d3 Ng4 6. Qf3 Nf2 7. fxe5 Qe7 8. Nd5
Qd7 9. b4 Nxh1 10. bxc5 dxe5 11. Nh3 h6 12. Ne3 Rf8 13. Nf5 Rg8 14. Kf1 Nc6 15.
Kg1 Nd4 16. Qh5 g6 0-1

[Event "SK Lehrte-Stader SV"]
[Site "Greifswald"]
[Date "2013.09.12"]
[Round "1.1"]
[White "Vöge, Tobias"]
[Black "Thieu, Ngyuen Gia Luat"]
[Result "1-0"]
[WhiteElo "2043"]
[BlackElo "1692"]
[PlyCount "35"]
[EventDate "2013.??.??"]
[WhiteTeam "Stader SV"]
[BlackTeam "SK Lehrte"]

1. d4 Nf6 2. c4 e6 3. Nc3 Bb4 4. Nf3 b6 5. Bg5 h6 6. Bh4 c5 7. e3 Bb7 8. dxc5
bxc5 9. Bd3 d5 10. O-O Bxc3 11. bxc3 dxc4 12. Bxc4 Qxd1 13. Rfxd1 g5 14. Bg3
Ne4 15. Rab1 Nxg3 16. Rxb7 Ne4 17. Bb5+ Kf8 18. Ne5 1-0

[Event "SK Lehrte-Stader SV"]
[Site "Greifswald"]
[Date "2013.09.12"]
[Round "1.2"]
[White "Klein, Florian"]
[Black "Hammann, Jonas"]
[Result "0-1"]
[WhiteElo "1634"]
[BlackElo "1859"]
[PlyCount "94"]
[EventDate "2013.??.??"]
[WhiteTeam "SK Lehrte"]
[BlackTeam "Stader SV"]

1. f4 d5 2. Nf3 Nf6 3. e3 c5 4. Bb5+ Nc6 5. b3 Bd7 6. Bb2 e6 7. d3 a6 8. Bxc6
Bxc6 9. Nbd2 Be7 10. O-O O-O 11. Qe1 b5 12. Ne5 Bb7 13. g4 Nd7 14. Nef3 Rc8 15.
g5 Re8 16. Qh4 Nb8 17. Qg4 Nc6 18. h4 d4 19. h5 Qd5 20. e4 Qd6 21. g6 fxg6 22.
hxg6 h6 23. e5 Qd7 24. Ne4 Nb4 25. Rf2 Nd5 26. Nfg5 Bxg5 27. fxg5 Ne3 28. Qh3
Bxe4 29. dxe4 Qe7 30. gxh6 Qg5+ 31. Kh1 Qxh6 32. Qxh6 gxh6 33. Rg1 Rf8 34. Rf6
Rce8 35. Bc1 Kg7 36. c3 Rxf6 37. exf6+ Kxf6 38. cxd4 cxd4 39. Bb2 e5 40. Rc1
Re6 41. Rg1 Kg7 42. Ba3 Rxg6 43. Bf8+ Kf7 44. Bb4 Rxg1+ 45. Kxg1 Nd1 46. Bd2 h5
47. Kg2 Nc3 0-1

[Event "SK Lehrte-Stader SV"]
[Site "Greifswald"]
[Date "2013.09.12"]
[Round "1.3"]
[White "Dittmann, Tobias"]
[Black "Baghdasaryan, Ani"]
[Result "1-0"]
[WhiteElo "1605"]
[BlackElo "1429"]
[PlyCount "109"]
[EventDate "2013.??.??"]
[WhiteTeam "Stader SV"]
[BlackTeam "SK Lehrte"]

1. e4 c5 2. Nf3 d6 3. Bb5+ Bd7 4. Bxd7+ Qxd7 5. c4 g6 6. Nc3 Bg7 7. d4 Qg4 8.
O-O cxd4 9. Nxd4 Qxd1 10. Rxd1 Bxd4 11. Rxd4 Nc6 12. Rd1 O-O-O 13. Be3 e5 14.
Nb5 Rd7 15. Nxd6+ Kb8 16. Nb5 Nf6 17. Rxd7 Nxd7 18. Rd1 Rd8 19. f3 f6 20. Kf2
a6 21. Nc3 b6 22. Nd5 Kb7 23. Ke2 Rc8 24. b3 g5 25. h3 h6 26. Bf2 Rd8 27. h4
Rh8 28. Rh1 h5 29. g4 hxg4 30. fxg4 Rh7 31. h5 Ne7 32. Rd1 Kc6 33. Nb4+ Kc7 34.
Nxa6+ Kc6 35. Nb4+ Kc7 36. Nd5+ Nxd5 37. cxd5 Kd6 38. Rc1 Nc5 39. Bxc5+ bxc5
40. Rf1 Rf7 41. a4 Kc7 42. a5 Kb7 43. Rd1 Rd7 44. Ke3 Ka6 45. Ra1 Rb7 46. Ra3
Rd7 47. Kd3 Rc7 48. Kc4 Rc8 49. d6 Rd8 50. Kd5 Kb5 51. a6 Kb6 52. a7 Ra8 53. d7
Kc7 54. Ke6 Kc6 55. Ke7 1-0

[Event "SK Lehrte-Stader SV"]
[Site "Greifswald"]
[Date "2013.09.12"]
[Round "1.4"]
[White "Dannenberg, Nicole"]
[Black "Günther, Alexander"]
[Result "0-1"]
[WhiteElo "1223"]
[BlackElo "1488"]
[PlyCount "92"]
[EventDate "2013.??.??"]
[WhiteTeam "SK Lehrte"]
[BlackTeam "Stader SV"]

1. c4 e6 2. Nc3 d5 3. cxd5 exd5 4. d4 Nf6 5. Bg5 Be7 6. Nf3 Bf5 7. e3 O-O 8.
Be2 c6 9. O-O Nbd7 10. a3 a5 11. Qd2 Bd6 12. Rfc1 Qb8 13. h3 Ne4 14. Qd1 h6 15.
Bf4 Bxf4 16. exf4 Qxf4 17. Bd3 Nxc3 18. Rxc3 Bxd3 19. Qxd3 Rfe8 20. Re1 Nf6 21.
Rc2 Re4 22. Rd2 Rae8 23. Rdd1 Rxe1+ 24. Rxe1 Rxe1+ 25. Nxe1 Qc1 26. Qe2 Ne4 27.
Kh2 Qd2 28. Qxd2 Nxd2 29. Nc2 a4 30. Ne3 Kf8 31. Kg1 Ke7 32. f3 Nb3 33. Nc2 b6
34. Kf2 Kd6 35. Ke3 c5 36. Kd3 Kc6 37. Kc3 Kb5 38. g3 g5 39. h4 f6 40. h5 Nc1
41. Kd2 Nb3+ 42. Kc3 Kc6 43. f4 gxf4 44. gxf4 Kd6 45. dxc5+ bxc5 46. Ne3 d4+
0-1

[Event "Treptower SV-USV VB Halle"]
[Site "Greifswald"]
[Date "2013.09.12"]
[Round "1.1"]
[White "Altstadt, Karl-Simon"]
[Black "Pixa, Richard"]
[Result "0-1"]
[WhiteElo "1808"]
[BlackElo "1993"]
[PlyCount "106"]
[EventDate "2013.??.??"]
[WhiteTeam "USV VB Halle"]
[BlackTeam "Treptower SV"]

1. e4 e6 2. d4 d5 3. Nd2 Nf6 4. e5 Nfd7 5. Bd3 c5 6. c3 Nc6 7. Ngf3 g6 8. O-O
Bg7 9. Re1 cxd4 10. cxd4 O-O 11. Nb3 f6 12. exf6 Qxf6 13. Bg5 Qf7 14. Bh4 e5
15. dxe5 Ndxe5 16. Nxe5 Nxe5 17. Bc2 Bg4 18. Qd2 Nc4 19. Qg5 Bf5 20. Re7 Qf6
21. Qxf6 Bxf6 22. Bxf6 Rxf6 23. Bxf5 Rxf5 24. Rae1 Raf8 25. R1e2 R5f7 26. Nd4
Rxe7 27. Rxe7 Rf7 28. Re8+ Kg7 29. Rd8 Nxb2 30. Rxd5 Re7 31. f3 Kf6 32. Kf2
Nd3+ 33. Kg3 Nb4 34. Ra5 a6 35. a3 Nd3 36. Rd5 Re5 37. Rd6+ Ke7 38. Nf5+ Rxf5
39. Rxd3 b5 40. Kf2 Ke6 41. Ke3 Rc5 42. Ke2 Ke5 43. Re3+ Kf5 44. Re4 h5 45. h3
Rc6 46. g3 Re6 47. g4+ Kf6 48. Rxe6+ Kxe6 49. f4 Kd5 50. Ke3 h4 51. f5 gxf5 52.
Kf4 fxg4 53. Kxg4 a5 0-1